Library Banner

Cost accounting: (Record no. 19360)

MARC details
000 -LEADER
fixed length control field 00637nam a2200229Ia 4500
001 - CONTROL NUMBER
control field 18977
003 - CONTROL NUMBER IDENTIFIER
control field OSt
005 - DATE AND TIME OF LATEST TRANSACTION
control field 20200917113134.0
008 - FIXED-LENGTH DATA ELEMENTS--GENERAL INFORMATION
fixed length control field 140407s9999 xx 000 0 und d
020 ## - INTERNATIONAL STANDARD BOOK NUMBER
International Standard Book Number 0-13-571217-3
040 ## - CATALOGING SOURCE
Transcribing agency PK-LaUMT
082 ## - DEWEY DECIMAL CLASSIFICATION NUMBER
Classification number 657.42
Item number HOR-C
100 ## - MAIN ENTRY--PERSONAL NAME
Personal name Charles T. Horngren
245 ## - TITLE STATEMENT
Title Cost accounting:
Remainder of title A managerial emphasis.
Statement of responsibility, etc Charles T. Horngren<>George Foster<>Srikant M. Datar
260 ## - PUBLICATION, DISTRIBUTION, ETC. (IMPRINT)
Place of publication, distribution, etc London,UK:
Name of publisher, distributor, etc Prentice-Hall International,
Date of publication, distribution, etc 1997
300 ## - PHYSICAL DESCRIPTION
Extent 1012 p.
546 ## - LANGUAGE NOTE
Language note EN
650 ## - SUBJECT ADDED ENTRY--TOPICAL TERM
Topical term or geographic name as entry element Cost accounting
700 ## - ADDED ENTRY--PERSONAL NAME
Personal name George Foster
700 ## - ADDED ENTRY--PERSONAL NAME
Personal name Srikant M. Datar
942 ## - ADDED ENTRY ELEMENTS (KOHA)
Koha item type Permanently weeded out collection
Source of classification or shelving scheme Dewey Decimal Classification
Holdings
Withdrawn status Lost status Damaged status Not for loan Home library Current library Date acquired Total Checkouts Full call number Barcode Date last seen Price effective from Koha item type
        UMT Main Campus UMT Main Campus 2014-04-07   657.42 HOR-C 22313 2014-04-23 2014-04-23 Books